| 000 | 06165cam a22018734i 4500 | ||
|---|---|---|---|
| 003 | PE-LiUPU | ||
| 005 | 20250813165910.0 | ||
| 008 | 150706s2012 mx a rb 000 0 spa d | ||
| 020 | _a9786077073468 | ||
| 035 | _a(Sirsi) i9786077073468 | ||
| 040 |
_aPE-LiUPU _bspa _cPE-LiUPU _erda |
||
| 049 | _aPRUA | ||
| 082 | 0 | 4 |
_a658.72 _bC1 _221 |
| 245 | 0 | 3 |
_aLa cadena de suministro / _cFederico Sabrià coord. ; colaboración de Arturo T. de Zan. [et al.]. |
| 250 | _a2a ed. | ||
| 264 | 1 |
_aMéxico D.F. : _bAlfaomega, _c2012. |
|
| 300 |
_a208 páginas : _bilustraciones ; _c23 centímetros. |
||
| 336 |
_atext _2rdacontent |
||
| 337 |
_aunmediated _2rdamedia |
||
| 338 |
_avolume _2rdacarrier |
||
| 500 | _aSubtít. de la cub. Modelos y herramientas de planificación y optimización de la cadena de suministro"Basado en los trabajos originales de Pere Ángel, Miguel Ángel Ariño, Jaume Ribera y Josep Riverola". | ||
| 504 | _aIncluye biliografía. | ||
| 505 | 0 | _aPlanificación en la cadena de suministro -- Evolución de la logística -- Características sectoriales -- Conceptos básicos de planificación -- Planificación de las previsiones -- Importancia y necesidad de las previsiones en la empresa -- Modelos para series temporales -- Modelos de regresión lineal simple -- Modelos de regresión lineal múltiple -- Introducción al análisis de las previsiones -- Planificación del servicio -- El concepto de stock -- El stock de seguridad -- Planificación del servicio y curva Stock-to-Service (STS) -- Recapitulación y aplicaciones -- Planificación del reaprovisionamiento -- Optimización de lotes (EOQ) -- Planificación de distribución (redes y rutas) -- DRP y reaprovisionamiento -- Ejemplos de funcionamiento del modelo -- Informática para la implantación -- Sistemas utilizados -- Planificación de la producción -- Conceptos básicos -- Inventarios de anticipación: planificación de producción agregada -- Desarrollo de un ejemplo -- Casos prácticos -- Caso 1: Amara -- Caso 2: Chupa-Chups -- Caso 3: Font Vella -- Caso 4: Gallego Vilar -- Caso 5: Indo -- Caso 6: Repsol-YPF -- A1 Complementos sobre series temporales -- Complementos sobre el modelo de regresión simple -- Complementos sobre el modelo de regresión múltiple -- Algunos aspectos básicos de la distribución normal -- Utilización de la tabla de distribución normal estándar -- Determinación de una política (s,S) por un método aproximado -- Principios teóricos sobre la planificación táctica de rutas. | |
| 526 | _aP203 | ||
| 526 | _aP200 | ||
| 526 | _aSEG65 | ||
| 526 | _aSEG64 | ||
| 526 | _aSEG63 | ||
| 526 | _aSEG62 | ||
| 526 | _aSEG61 | ||
| 526 | _aSEG60 | ||
| 526 | _aSEG59 | ||
| 526 | _aSEG58 | ||
| 526 | _aSEG57 | ||
| 526 | _aSEG56 | ||
| 526 | _aSEG55 | ||
| 526 | _aSEG54 | ||
| 526 | _aSEG53 | ||
| 526 | _aSEG52 | ||
| 526 | _aSEG51 | ||
| 526 | _aSEG50 | ||
| 526 | _aSEG49 | ||
| 526 | _aSEG48 | ||
| 526 | _aSEG47 | ||
| 526 | _aSEG46 | ||
| 526 | _aSEG24 | ||
| 526 | _aSEG23 | ||
| 526 | _aSEG22 | ||
| 526 | _aSEG21 | ||
| 526 | _aSEG20 | ||
| 526 | _aSEG19 | ||
| 526 | _aSEG18 | ||
| 526 | _aSEG17 | ||
| 526 | _aSEG16 | ||
| 526 | _aSEG14 | ||
| 526 | _aSEG13 | ||
| 526 | _aSEG12 | ||
| 526 | _aSEG11 | ||
| 526 | _aSEG10 | ||
| 526 | _aSEG09 | ||
| 526 | _aSEG06 | ||
| 526 | _aSEG05 | ||
| 526 | _aSEG04 | ||
| 526 | _aSEG03 | ||
| 526 | _aSEG02 | ||
| 526 | _aSEG68 | ||
| 526 | _aSEG66 | ||
| 526 | _aSEG45 | ||
| 526 | _aSEG25 | ||
| 526 | _aSEG01 | ||
| 526 | _aP163 | ||
| 526 | _aP162 | ||
| 526 | _aP161 | ||
| 526 | _aP160 | ||
| 526 | _aP159 | ||
| 526 | _aP158 | ||
| 526 | _aP157 | ||
| 526 | _aP156 | ||
| 526 | _aP155 | ||
| 526 | _aP154 | ||
| 526 | _aP153 | ||
| 526 | _aP152 | ||
| 526 | _aP151 | ||
| 526 | _aP150 | ||
| 526 | _aP149 | ||
| 526 | _aP142 | ||
| 526 | _aP141 | ||
| 526 | _aP140 | ||
| 526 | _aP139 | ||
| 526 | _aP138 | ||
| 526 | _aP137 | ||
| 526 | _aP132 | ||
| 526 | _aP131 | ||
| 526 | _aP130 | ||
| 526 | _aP126 | ||
| 526 | _aP125 | ||
| 526 | _aP124 | ||
| 526 | _aP123 | ||
| 526 | _aP115 | ||
| 526 | _aP122 | ||
| 526 | _aP121 | ||
| 526 | _aP116 | ||
| 526 | _a P114 | ||
| 526 | _aP112 | ||
| 526 | _aP111 | ||
| 526 | _aP104 | ||
| 526 | _aP103 | ||
| 526 | _aP102 | ||
| 526 | _aP101 | ||
| 526 | _aP100 | ||
| 526 | _aP96 | ||
| 526 | _aP95 | ||
| 526 | _aP93 | ||
| 526 | _aP92 | ||
| 526 | _aP91 | ||
| 526 | _aP88 | ||
| 526 | _aP83 | ||
| 526 | _aP82 | ||
| 526 | _aP79 | ||
| 526 | _aP78 | ||
| 526 | _aP75 | ||
| 526 | _aP74 | ||
| 526 | _aP71 | ||
| 526 | _aP69 | ||
| 526 | _a P51 | ||
| 526 | _aP49 | ||
| 526 | _aP48 | ||
| 526 | _aP47 | ||
| 526 | _aP33 | ||
| 526 | _aP31 | ||
| 526 | _a P30 | ||
| 526 | _aP29 | ||
| 526 | _aP27 | ||
| 526 | _aP26 | ||
| 526 | _aP25 | ||
| 526 | _aP24 | ||
| 526 | _a P22 | ||
| 526 | _aP10 | ||
| 526 | _aP09 | ||
| 526 | _a P08 | ||
| 526 | _aP06 | ||
| 526 | _aP05 | ||
| 526 | _aP04 | ||
| 526 | _aP01 | ||
| 541 | _g001-0036519; | ||
| 541 | _g001-0036519; | ||
| 650 | 0 | 4 |
_aLogística empresarial. _94938 |
| 650 | 0 | 4 |
_aProducción _xPlanificación. |
| 700 | 1 |
_aSabrià, Federico, _ecoord. |
|
| 700 | 1 |
_aZan, Arturo T. de, _ecolb. |
|
| 910 |
_agl _cng _d20130225 |
||
| 942 |
_2ddc _cBOOK |
||
| 949 |
_a658.72 C1 _wDEWEY _c1 _i66173 _lCCODEBUL1 _mBUL _p20.00 _r0 _sY _tBOOK _u2015-7-6 _xFCE _PP04 _o.STAFF. Colección General |
||
| 949 |
_a658.72 C1 _wDEWEY _c2 _i66174 _lCCODEBUL1 _mBUL _p20.00 _r0 _sY _tBOOK _u2015-7-6 _xFCE _PP04 _o.STAFF. Colección General |
||
| 994 |
_aC0 _bPEPRU |
||
| 596 | _a1 | ||
| 999 |
_a658.72 C1 _wDEWEY _c54474 _i66173 _d54474 _e2019-8-19 _f2021-11-8 _g6 _lCCODEBUL1 _mBUL _n7 _p20.00 _q3 _r0 _sY _tBOOK _u2015-7-6 _xFCE _PP04 _0COMPRA _o.STAFF. Colección General |
||
| 999 |
_a658.72 C1 _wDEWEY _c2 _i66174 _d2017-8-9 _e2017-8-9 _f2017-2-9 _g2 _lLOST _mBUL _n5 _p20.00 _r1 _sY _tBOOK _u2015-7-6 _xFCE _PP04 _0COMPRA _o.STAFF. Colección General |
||
| 980 |
_81 _gALBERTO SANCHEZ Responsable de Automatización |
||